000 00350nam a22001337a 4500
020 _a9789381269725
082 _a664.092
_bHAN/IN
245 _aInnovations in Food Packaging
260 _aNew Delhi
_bElsevier
_c2012
300 _a517
490 _aFood Science and Technology, International Series
700 _aHan,Jung.H
_9428
942 _cREF
999 _c14310
_d14310